Ki Aikido: unificación de la mente y el cuerpo (Registro nro. 5205)

Detalles MARC
000 -Cabecera
Campo de control de longitud fija 00746aam a2200301 4500
005 - Fecha y hora de la última transacción
Campo de control 20260410160929.0
008 - Elementos de longitud fija--Información general
Campo de control de longitud fija 150507b2006 xxu||||| |||| 00| 0 spa d
020 ## - International Standard Book Number
Número Internacional Estándar del Libro (ISBN) 8480196831
041 ## - Idioma
Código de idioma Español
082 ## - Clasificación Decimal Dewey
Número de clasificación 796.815.4 R932k2
100 ## - Entrada principal--Autor personal
Nombre personal Ruglioni, Giuseppe
9 (RLIN) 37305
245 ## - Título propiamente dicho
Título Ki Aikido: unificación de la mente y el cuerpo
250 ## - Edición
Mención de edición 2 edición
260 ## - Pie de imprenta
Lugar de publicación, distribución, etc. España
260 ## - Pie de imprenta
Nombre del editor, distribuidor, etc. Paidotribo
260 ## - Pie de imprenta
Fecha de publicación, distribución, etc. 2006
300 ## - Descripción física
Extensión 187 páginas
490 ## - Serie
Título de la Serie Temática General
650 ## - Materia general
Temática (materia general) DEFENSA PERSONAL
650 ## - Materia general
Temática (materia general) KI AIKIDO
650 ## - Materia general
Temática (materia general) ARTES MARCIALES
650 ## - Materia general
Temática (materia general) MEDITACIÓN
650 ## - Materia general
Temática (materia general) ENSEÑANZA
650 ## - Materia general
Temática (materia general) PERSONAS CON DISCAPACIDAD
650 ## - Materia general
Temática (materia general) NIÑOS
650 ## - Materia general
Temática (materia general) EDUCADORES
942 ## - Punto de acceso adicional KOHA
Tipo de ítem KOHA Libro
Fuente del sistema de clasificación o colocación Dewey Decimal Classification
Existencias
Signatura completa Código de barras Programa Académico Tipo de ítem
796.815.4 R932k2 14250 Temática General Libro